В борьбе с рутиной (Запись № 5773587)

Подробности
000 -МАРКЕР
контрольное поле 01628nam0a22003251 4500
001 - ИДЕНТИФИКАТОР ЗАПИСИ
контрольное поле v19\rc\1737637
005 - ИДЕНТИФИКАТОР ВЕРСИИ
контрольное поле 20260405223048.0
035 ## - ДРУГИЕ СИСТЕМНЫЕ НОМЕРА
Идентификатор записи (NLR Aleph) 005247933
100 ## - ДАННЫЕ ОБЩЕЙ ОБРАБОТКИ
Данные общей обработки 20061204d1901 |||y0rusy50 ca
101 1# - ЯЗЫК РЕСУРСА
Язык текста, звукозаписи и т.д. русский
Язык оригинала немецкий
102 ## - СТРАНА ПУБЛИКАЦИИ ИЛИ ПРОИЗВОДСТВА
Страна публикации Российская Федерация
105 ## - ПОЛЕ КОДИРОВАННЫХ ДАННЫХ: ТЕКСТОВЫЕ МАТЕРИАЛЫ, МОНОГРАФИЧЕСКИЕ
Кодированные данные о монографическом текстовом документе y z |||a|
200 1# - ЗАГЛАВИЕ И СВЕДЕНИЯ ОБ ОТВЕТСТВЕННОСТИ
Основное заглавие В борьбе с рутиной
Сведения, относящиеся к заглавию (Воспитатель Флаксман)
-- Комедия в 3 д.
Первые сведения об ответственности [Соч.] Отто Эрнста
Последующие сведения об ответственности Пер. с нем. Л. Гельмерсен
210 ## - ПУБЛИКАЦИЯ, РАСПРОСТРАНЕНИЕ И ДР.
Место издания, распространения и т.д. [Санкт-Петербург]
Имя издателя, распространителя и т. д. тип. Спб. т-ва "Труд"
Дата издания, распространения и т.д. ценз. 1901
215 ## - ФИЗИЧЕСКАЯ ХАРАКТЕРИСТИКА
Специфическое обозначение материала и объем 37 с.
Размеры 23
309 ## - ПРИМЕЧАНИЯ ОБ ОСНОВНОМ ИСТОЧНИКЕ ИНФОРМАЦИИ И ОБ ОСОБЕННОСТЯХ ПОЛИГРАФИЧЕСКОГО ОФОРМЛЕНИЯ ИЗДАНИЯ
Текст примечания Без тит. л. и обл.
311 ## - ПРИМЕЧАНИЯ, ОТНОСЯЩИЕСЯ К ПОЛЯМ СВЯЗИ (ПРИМЕЧАНИЯ О СВЯЗИ С ДРУГИМИ ПРОИЗВЕДЕНИЯМИ (ИЗДАНИЯМИ))
Текст примечания Прил. к журн. "Театр и искусство". 1901 г. № 43
316 ## - ПРИМЕЧАНИЯ ОБ ОСОБЕННОСТЯХ ЭКЗЕМПЛЯРА
Текст примечания Экз. РНБ (1/413низ): приплетено к журналу...
Организация и экземпляр, к которому относится поле NLR: 1/413низ
422 #0 - ИЗДАНИЕ, К КОТОРОМУ ОТНОСИТСЯ ПРИЛОЖЕНИЕ
Встроенное поле 2001#$aТеатр и искусство$v1901, № 43
Заглавие Театр и искусство
482 #0 - ПРИПЛЕТЕНО К
Встроенное поле 001RU\NLR\INFOCOMM31\5000053408
-- 2001#$aТеатр и искусство$v1901, № 43
Системный номер (АБИС) связанной записи 4568849
Место публикации Б. м.
Дата публикации 1901
Заглавие Театр и искусство. - Г.5 1901, №43
Номер тома 1901, № 43
700 #1 - ИМЯ ЛИЦА - ПЕРВИЧНАЯ ОТВЕТСТВЕННОСТЬ
Материалы, к которым относится поле rus
Графика поля Кириллица
Начальный элемент ввода Эрнст
Часть имени, кроме начального элемента ввода О.
Даты 1862-1926
Расширение инициалов личного имени Отто
Идентификатор авторитетной/нормативной записи RU\NLR\AUTH\77101276
Системный номер авторитетной/нормативной записи 84202
702 #1 - ИМЯ ЛИЦА - ВТОРИЧНАЯ ОТВЕТСТВЕННОСТЬ
Код отношения Переводчик
Материалы, к которым относится поле rus
Графика поля Кириллица
Начальный элемент ввода Гельмерсен
Часть имени, кроме начального элемента ввода Л. А.
Даты 1843-1904
Расширение инициалов личного имени Людвиг Александрович
Идентификатор авторитетной/нормативной записи RU\NLR\AUTH\7792686
Системный номер авторитетной/нормативной записи 75613
801 #0 - ИСТОЧНИК ЗАПИСИ
Страна Российская Федерация
Организация NLR
Дата составления 20061204
Правила каталогизации psbo
801 #0 - ИСТОЧНИК ЗАПИСИ
Страна Российская Федерация
Организация RuMoRGB
Дата составления 20061204
Источник данных psbo
801 #1 - ИСТОЧНИК ЗАПИСИ
Страна Российская Федерация
Организация ProSoft-M
Дата составления 20061204
Источник данных rusmarc
801 #2 - ИСТОЧНИК ЗАПИСИ
Страна Российская Федерация
Организация NLR
Дата составления 20110725
Источник данных rusmarc
852 ## - МЕСТОНАХОЖДЕНИЕ И ШИФР ХРАНЕНИЯ
Идентификатор организации NLR
Шифр хранения (Call Number) 1/413низ
942 ## - ДОПОЛНИТЕЛЬНЫЕ ЭЛЕМЕНТЫ ЗАПИСИ (АБИС)
Тип экземпляра АБИС Книга
980 ## - КОЛЛЕКЦИЯ
Название коллекции Национальная библиография
Экземпляры
Тип экземпляра Дата поступления Библиотека постоянного хранения Библиотека текущего хранения Место хранения Шифр хранения Штрих-код Статус экземпляра
Книга 26.10.2013 РНБ (Московский) РНБ (Московский) Зал русского журнального фонда, издания по 1950 включительно (до 2000 года) 1/413низ 5247933-10